名前が「すけ」で終わる現役選手(2026) - Statistics

General Stats
  • This quiz has been taken 15 times
  • The average score is 17 of 55
Answer Stats
すけ 現所属 ポジション Answer % Correct
阪神 内野手 大山悠輔
77%
DeNA 捕手 益子京右
62%
巨人 外野手 佐々木俊輔
54%
中日 外野手 鵜飼航丞
54%
日本ハム 投手 畔柳亨丞
54%
巨人 捕手 山瀬慎之助
46%
中日 投手 高橋幸佑
46%
広島 投手 佐藤柳之介
46%
広島 内野手 佐藤啓介
46%
ソフトバンク 外野手 近藤健介
46%
日本ハム 内野手 明瀬諒介
46%
西武 投手 佐藤隼輔
46%
西武 内野手 源田壮亮
46%
DeNA 外野手 濱将乃介
38%
広島 内野手 菊池涼介
38%
オリックス 投手 山岡泰輔
38%
オリックス 外野手 麦谷祐介
38%
西武 内野手 児玉亮涼
38%
DeNA 投手 深沢鳳介
31%
DeNA 投手 馬場皐輔
31%
DeNA 投手 松本隆之介
31%
巨人 内野手 浦田俊輔
31%
中日 外野手 三上愛介
31%
広島 投手 森浦大輔
31%
広島 外野手 田村俊介
31%
ヤクルト 捕手 松本龍之介
31%
ソフトバンク 投手 伊藤優輔
31%
ソフトバンク 投手 岩崎峻典
31%
楽天 外野手 辰己涼介
31%
楽天 外野手 中島大輔
31%
阪神 投手 神宮僚介
23%
巨人 投手 泉圭輔
23%
中日 投手 櫻井頼之介
23%
中日 投手 福田幸之介
23%
中日 捕手 山浅龍之介
23%
広島 内野手 辰見鴻之介
23%
ソフトバンク 投手 大津亮介
23%
ソフトバンク 投手 岩井俊介
23%
オリックス 外野手 窪田洋祐
23%
西武 投手 羽田慎之介
23%
巨人 投手 宮原駿介
15%
巨人 捕手 喜多隆介
15%
ヤクルト 投手 阪口皓亮
15%
ヤクルト 投手 下川隼佑
15%
オリックス 投手 齋藤響介
15%
オリックス 投手 河内康介
15%
オリックス 捕手 田島光祐
15%
楽天 内野手 金子京介
15%
西武 投手 森脇亮介
15%
西武 捕手 是澤涼輔
15%
西武 内野手 仲田慶介
15%
ロッテ 投手 東妻勇輔
15%
ロッテ 投手 澤田圭佑
15%
ロッテ 投手 中森俊介
15%
ロッテ 投手 長島幸佑
15%
No matching quizzes found
Score Distribution
Percent of People with Each Score
Percentile by Number Answered
Your Score History
You have not taken this quiz